| 000 -LEADER | |
|---|---|
| fixed length control field | 01504nam a22002537a 4500 |
| 005 - DATE AND TIME OF LATEST TRANSACTION | |
| control field | 20250420134822.0 |
| 008 - FIXED-LENGTH DATA ELEMENTS--GENERAL INFORMATION | |
| fixed length control field | 211111b ||||| |||| 00| 0 eng d |
| 020 ## - INTERNATIONAL STANDARD BOOK NUMBER | |
| International Standard Book Number | 9781838822842 |
| 040 ## - CATALOGING SOURCE | |
| Transcribing agency | KCST |
| 082 ## - DEWEY DECIMAL CLASSIFICATION NUMBER | |
| Classification number | 004.167 |
| Item number | Al Ma |
| 100 ## - MAIN ENTRY--PERSONAL NAME | |
| Personal name | Alebicto, Mario Eguiluz |
| 9 (RLIN) | 5438 |
| 245 ## - TITLE STATEMENT | |
| Title | Mastering IOS 14 Programming : |
| Remainder of title | build professional-grade iOS 14 applications with swift 5.3 and Xcode 12.4 / |
| Statement of responsibility, etc. | Mario Eguiluz Alebicto; Chris Barker; Donny Wals |
| 250 ## - EDITION STATEMENT | |
| Edition statement | 4 |
| 260 ## - PUBLICATION, DISTRIBUTION, ETC. | |
| Place of publication, distribution, etc. | Birmingham : |
| Name of publisher, distributor, etc. | Packt Publishing Limited; |
| Date of publication, distribution, etc. | 2021. |
| 300 ## - PHYSICAL DESCRIPTION | |
| Extent | 537 p. |
| 505 ## - FORMATTED CONTENTS NOTE | |
| Formatted contents note | What's new in iOS 14 --<br/>Working with Dark Mode --<br/>Using Lists and Tables --<br/>Creating a Detail Page --<br/>Immersing Your Users with Animation --<br/>Understanding the Swift Type System --<br/>Flexible Code with Protocols, Generics, and Extensions --<br/>Adding Core Data to Your App --<br/>Fetching and Displaying Data from the Network --<br/>Making Smarter Apps with CoreML --<br/>Adding Media to Your App --<br/>Improving Apps with Location Services --<br/>Working with the Combine Framework --<br/>Creating an App Clip for Your App --<br/>Recognition with Vision Framework --<br/>Creating Your First Widget --<br/>Using Augmented Reality --<br/>Creating a MacOS app with Catalyst --<br/>Ensuring App Quality with Tests --<br/>Submitting Your App to the App Store. |
| 650 ## - SUBJECT ADDED ENTRY--TOPICAL TERM | |
| Topical term or geographic name entry element | iOS (Electronic resource) |
| 9 (RLIN) | 5439 |
| 650 ## - SUBJECT ADDED ENTRY--TOPICAL TERM | |
| Topical term or geographic name entry element | iPhone OS. |
| 9 (RLIN) | 5440 |
| 650 ## - SUBJECT ADDED ENTRY--TOPICAL TERM | |
| Topical term or geographic name entry element | Operating systems (Computers) |
| 9 (RLIN) | 707 |
| 700 ## - ADDED ENTRY--PERSONAL NAME | |
| Personal name | Barker, Chris |
| 9 (RLIN) | 5441 |
| 700 ## - ADDED ENTRY--PERSONAL NAME | |
| Personal name | Wals, Donny |
| 9 (RLIN) | 5442 |
| 942 ## - ADDED ENTRY ELEMENTS (KOHA) | |
| Koha item type | Book |
| 942 ## - ADDED ENTRY ELEMENTS (KOHA) | |
| Source of classification or shelving scheme | Dewey Decimal Classification |
| Withdrawn status | Lost status | Source of classification or shelving scheme | Damaged status | Not for loan | Home library | Current library | Date acquired | Cost, normal purchase price | Total checkouts | Full call number | Barcode | Date last seen | Cost, replacement price | Price effective from | Koha item type |
|---|---|---|---|---|---|---|---|---|---|---|---|---|---|---|---|
| Dewey Decimal Classification | KCST Library | KCST Library | 11/11/2021 | 14.70 | 004.167 Al Ma | 1000001011 | 11/11/2021 | 14.70 | 11/11/2021 | Book |